Quick Pick: Alphabetical Planets Quiz Stats

 Plays Quiz Updated Sep 21, 2016

Challenge
Share
Tweet
Embed
Score 0/8 Timer 00:30
1 Play Today
% Correct
Earth
96.9%
Mercury
87.7%
Neptune
87.1%
Mars
86.9%
Jupiter
85.1%
Saturn
84.8%
Venus
84.2%
Uranus
82.9%

Today's Daily Dose

You're not logged in!

Compare scores with friends on all Sporcle quizzes.
OR
Log In

You Might Also Like...

Show Comments

Extras

Top Quizzes Today


Score Distribution

Your Account Isn't Verified!

In order to create a playlist on Sporcle, you need to verify the email address you used during registration. Go to your Sporcle Settings to finish the process.

Report this User

Report this user for behavior that violates our Community Guidelines.

Details: